000 00962nam a2200265 i 4500
001 175401
003 ES-MaACL
005 20251218174605.0
007 t|
008 101026s1973 sp o r ||||1| spa d
020 _a84-369-0272-6
080 _a75 Vela, Vicente
080 _a929 Vela, Vicente
100 1 _aChávarri, Raúl,
_d1929-1984
_9161889
245 1 0 _aVicente Vela /
_cRaúl Chávarri.
260 _a[Madrid :
_bServicio de Publicaciones del Ministerio de Educación y Ciencia, Secretaría General Técnica,
_c1973]
300 _a101 p. :
_bfot. col. y n. ;
_c17 cm.
490 1 _aArtistas españoles contemporáneos. Pintores ;
_v61
504 _aBibliografía: p. 99-101.
600 1 4 _aVela, Vicente.
_9113680
710 1 _aEspaña.
_bMinisterio de Educación y Ciencia.
_93864
830 0 _aArtistas españoles contemporáneos. Pintores
_v61
_9189664
852 _aES-MaACL
_j2261-F-61
_xOlim P-1916
999 _c175401
_d175401